| 000 | 01013nam a22003017a 4500 | ||
|---|---|---|---|
| 003 | CHAP | ||
| 005 | 20220329143850.0 | ||
| 008 | 120330s2011 mx r 00010 spa d | ||
| 010 | _a102974 | ||
| 011 | _a103946 | ||
| 020 | _a9786074901078 | ||
| 035 | _a114635 | ||
| 040 | _cCHAP | ||
| 082 | 0 | 4 |
_a863 _bR45 |
| 100 | 1 |
_aReyes, Fernando. _997026 |
|
| 245 | 1 | 3 |
_aLa filósofa, la jinetera y el comandante _c/ por Fernando Reyes |
| 260 |
_aToluca, Méx. : _bInstituto Mexiquense de Cultura, _c2011 |
||
| 300 | _a177 p. | ||
| 490 | 0 |
_aBiblioteca Mexiquense del Bicentenario. _pEl corazón y los confines |
|
| 590 |
_aBATCH-UPD _b10 _c20130110 _lUCH01 _h1923 |
||
| 590 |
_aBATCH-UPD _b10 _c20130410 _lUCH01 _h1021 |
||
| 590 |
_aCONVERSION _b10 _c20130109 _lUCH01 _h1357 |
||
| 650 | 0 | 4 |
_aLiteratura mexicana. _967138 |
| 830 | 0 |
_aBiblioteca Mexiquense del Bicentenario. _pEl corazón y los confines _912430 |
|
| 901 | _aBK | ||
| 942 | _cLIBRO | ||
| 949 |
_a863 R45 _bBC _cLIBRO _d33724002321488 _eLIBRO _h116480 _i114635 _sb |
||
| 999 |
_c102974 _d102974 |
||